000
00470nam a2200145Ia 4500
008
100122s9999 xx 000 0 und d
082
_b
12633
_a
823.08
100
_a
मोरे शंकरराव
245
_a
वेडे वात्सल्य
260
_b
जगताप-कारले प्रकाशन
_c
1964
300
_a
108
630
_a
वेडे वात्सल्य
730
_a
वेडे वात्सल्य
942
_c
BOOK
999
_c
403737
_d
403734